The London review of books.
Spremljeno u:
| Format: | Žurnal |
|---|---|
| Jezik: | English |
| Izdano: |
Marion, OH
London Review of Books.
|
| Oznake: |
Dodaj oznaku
Bez oznaka, Budi prvi tko označuje ovaj zapis!
|
| Thư viện lưu trữ: | Thư viện Trường Đại học Đà Lạt |
|---|
| LEADER | 00459nam a2200205 4500 | ||
|---|---|---|---|
| 001 | DLU110115433 | ||
| 005 | ##20110119 | ||
| 022 | # | # | |a 0260-9592 |
| 040 | # | # | |d LC |c DLU |d DLU |
| 041 | # | # | |a eng |
| 245 | # | # | |a The London review of books. |
| 260 | # | # | |a Marion, OH |b London Review of Books. |
| 994 | # | # | |a DLU |
| 900 | # | # | |a True |
| 911 | # | # | |a Trương Bảo Trâm Anh |
| 925 | # | # | |a G |
| 926 | # | # | |a A |
| 927 | # | # | |a TT |
| 980 | # | # | |a Thư viện Trường Đại học Đà Lạt |